Music Quiz

Random Music or Musical Quiz

My Favorite Things Quiz Stats

 Plays Quiz Updated Nov 19, 2018

Support Sporcle.
Go Orange.
Score 0/14 Timer 05:00
3 Plays Today
% Correct
Whiskers on kittens
86.2%
Raindrops on roses
83.2%
Brown paper packages tied up with strings
76.4%
Warm woolen mittens
72%
Bright copper kettles
56.7%
Snowflakes that stay on my nose and eyelashes
50.9%
Girls in white dresses with blue satin sashes
47.3%
% Correct
Sleigh bells
44.2%
Doorbells
41.3%
Schnitzel with noodles
38.8%
Wild geese that fly with the moon on their wings
34.5%
Silver white winters that melt into springs
31.4%
Crisp apple strudels
30.5%
Cream colored ponies
29.4%

From the Vault

TV Halloween Scenes

by Tom007

Holiday 6m
We're sure all of these episodes use the word 'spooktacular' at one point or another.
Remove Ads.
Support Sporcle.
Get the best of Sporcle when you Go Orange. This ad-free experience offers more features, more stats, and more fun while also helping to support Sporcle. Thank you for becoming a member.

Show Comments

Extras

Top Quizzes Today


Score Distribution

Your Account Isn't Verified!

In order to create a playlist on Sporcle, you need to verify the email address you used during registration. Go to your Sporcle Settings to finish the process.

Report this User

Report this user for behavior that violates our Community Guidelines.

Details: